GESTION DE LOS CENTROS ESCOLARES DEL NIVEL PRIMARIO JOHN ABRAHAM Y PROFESOR JUAN BOCH DEL DISTRITO EDUCATIVO 18 01 DE NEYBA Y SU IMPACTO EN LA CALIDAD EDUCATIVA AÑO LECTIVO 2013 2014 (Record no. 1731)

MARC details
000 -LEADER
campo de control de longitud fija 00947nam a22001817a 4500
001 - NÚMERO DE CONTROL
campo de control 7180
005 - FECHA Y HORA DE LA ÚLTIMA TRANSACCIÓN
campo de control 20250602012213.0
008 - DATOS DE LONGITUD FIJA--INFORMACIÓN GENERAL
campo de control de longitud fija 5230202014 dr a
090 ## - LOCALMENTE ASIGNADO TIPO-LC NÚMERO DE CLASIFICACIÓN (OCLC); NÚMERO DE CLASIFICACIÓN LOCAL (RLIN)
Número de clasificación (OCLC) (R) ; Numero de clasificación, CALL (RLIN) (NR) EDU 2014-001
100 ## - ENTRADA PRINCIPAL--NOMBRE DE PERSONA
Nombre de persona JIMENEZ PEREZ LIDYS YANEIRYS
245 ## - MENCIÓN DEL TÍTULO
Título GESTION DE LOS CENTROS ESCOLARES DEL NIVEL PRIMARIO JOHN ABRAHAM Y PROFESOR JUAN BOCH DEL DISTRITO EDUCATIVO 18 01 DE NEYBA Y SU IMPACTO EN LA CALIDAD EDUCATIVA AÑO LECTIVO 2013 2014
Mención de responsabilidad, etc. Lidys Yaneirys Jiménez Pérez, Bartolo Santana Acosta y Maximina De León Vargas.
260 ## - PUBLICACIÓN, DISTRIBUCIÓN, ETC.
Lugar de publicación, distribución, etc. Barahona :
Nombre del editor, distribuidor, etc. UNIVERSIDAD CATOLICA TECNOLOGICA DE BARAHONA
300 ## - DESCRIPCIÓN FÍSICA
Extensión xvi, 154, [51]h : il / 28 cm
Otros detalles físicos il.
502 ## - NOTA DE TESIS
Nota de tesis Tesis (Licenciatura en Educación Básica) - UCATEBA - Escuela de Educación
504 ## - NOTA DE BIBLIOGRAFÍA, ETC.
Nota de bibliografía, etc. Nota Incluye Bibliografía
650 ## - PUNTO DE ACCESO ADICIONAL DE MATERIA--TÉRMINO DE MATERIA
Término de materia o nombre geográfico como elemento de entrada 1 GESTION DE CALIDAD EN LAS ESCUELAS 2 IMPACTO DE LA CALIDAD EDUCATIVA EN LAS ESCUELAS
700 ## - ENTRADA AGREGADA--NOMBRE PERSONAL
Nombre de persona I SANTANA ACOSTA BATOLO COAUT II LEON VARGAS MAXIMINA DE COAUT
Holdings
Estatus retirado Estado de pérdida Estado de daño No para préstamo Colección Biblioteca de origen Biblioteca actual Fecha de adquisición Total de préstamos Signatura topográfica completa Código de barras Visto por última vez Copia número Precio de reemplazo Tipo de ítem Koha
        Acervo general de Libros Biblioteca Central Mons. Favio M. Rivas S. Biblioteca Central Mons. Favio M. Rivas S. 04/06/2014   EDU 2014-001 000000002291 23/05/2025 1 23/05/2025 Tesis